Conversaciones con Igor Stravinsky

Αποθηκεύτηκε σε:
Λεπτομέρειες βιβλιογραφικής εγγραφής
Κύριος συγγραφέας: Craft, Robert (Συγγραφέας)
Μορφή: Βιβλίο
Γλώσσα:Ισπανικά
Έκδοση: Madrid Alianza 1991
Σειρά:Colección Alianza Música, 57
Θέματα:
Ετικέτες: Προσθήκη ετικέτας
Δεν υπάρχουν, Καταχωρήστε ετικέτα πρώτοι!

MARC

LEADER 00000nam a2200000 a 4500
001 UCP6521
003 CL-VaPUC
005 20231023113526.0
008 991029e19910000SP |||||||||||||||||spa|d
999 |c 284032  |d 284030 
040 |c Pontificia Universidad Católica de Valparaíso 
082 0 4 |a 780.92 CRA 1991  |2 21 
100 0 |a Craft, Robert  |e author  |9 435615 
245 1 0 |a Conversaciones con Igor Stravinsky 
260 |a Madrid  |b Alianza  |c 1991 
300 |a 209 p 
490 0 |a Colección Alianza Música, 57 
583 |a last modification  |c 19991029 00:00:00  |k Rodrigo Vera 
600 0 |a Stravinsky, Igor Federovich  |d 1882-1971  |9 306253 
650 0 |a Biografías  |9 255210 
650 0 |a Músicos rusos  |2 CL-VaPUC  |9 456891 
650 0 |a Correspondencia  |9 258963 
942 |c BK  |2 ddc 
945 |d 19991029 00:00:00  |a rbrito 
952 |0 0  |1 0  |2 ddc  |4 0  |6 780_920000000000000_CRA_1991  |7 0  |8 A  |9 327648  |a BIBEDU  |b BIBEDU  |d 2019-11-20  |i 3576698  |l 2  |o 780.92 CRA 1991  |p 3576698  |r 2023-01-12  |s 2022-07-05  |w 2019-11-20  |y BK  |k MUS